[Event "Budapest FS07 Nadassy"]
[Site "Budapest"]
[Date "2019.07.10"]
[Round "5"]
[White "Farago, Sandor"]
[Black "Ananya, Rishi Gupta"]
[Result "0-1"]
[WhiteElo "2210"]
[BlackElo "1951"]
[PlyCount "148"]
[EventDate "2019.07.06"]
[EventType "team-tourn"]
[EventRounds "10"]
[EventCountry "HUN"]
[SourceTitle "EXT 2020"]
[Source "ChessBase"]
[SourceDate "2019.10.17"]
[SourceVersion "1"]
[SourceVersionDate "2019.10.17"]
[SourceQuality "1"]
[WhiteTeam "Higher Row"]
[BlackTeam "Lower Row"]
[WhiteTeamCountry "HUN"]
[BlackTeamCountry "HUN"]

1. e4 e5 2. Nf3 Nc6 3. Bb5 a6 4. Ba4 Nf6 5. d3 d6 6. c3 g6 7. 0-0 Bg7 8. Bb3 0-0 9. Bg5 Ne7 10. Qc1 Be6 11. c4 Nd7 12. Nc3 f5 13. Bh6 f4 14. Bxg7 Kxg7 15. h3 Nc6 16. Nd5 h6 17. Qc3 Kh7 18. Bd1 g5 19. Nh2 Nd4 20. Qd2 c6 21. Nc3 Qf6 22. Bh5 f3 23. g4 Qe7 24. Kh1 Nf6 25. Rg1 Nxh5 26. gxh5 Bxh3 27. Rg3 Bg2+ 28. Kg1 Qf7 29. Re1 Qxh5 30. Qd1 Kg6 31. Re3 Rf4 32. Rxg2 fxg2 33. Qxh5+ Kxh5 34. Kxg2 Raf8 35. f3 Kg6 36. Ne2 Nxe2 37. Rxe2 h5 38. Kg3 Kh6 39. Rd2 R8f7 40. a4 d5 41. cxd5 cxd5 42. Rc2 dxe4 43. dxe4 R4f6 44. Rc5 Re7 45. a5 Rc6 46. Rd5 Ree6 47. b4 b5 48. axb6 Rxb6 49. Nf1 Rxb4 50. Ne3 Kg6 51. Rd7 Rb2 52. Nf5 Kf6 53. Rh7 h4+ 54. Kg4 Reb6 55. Ne3 Kg6 56. Rh5 Kf7 57. Nd5 Rg2+ 58. Kf5 Rg6 59. Kxe5 Rg3 60. f4 gxf4 61. Kxf4 h3 62. Kf5 Rf3+ 63. Ke5 Kg7 64. Nf4 Rxf4 65. Kxf4 Rh6 66. Rg5+ Kf7 67. Rg1 h2 68. Rh1 a5 69. Kg3 a4 70. Kg2 Ke6 71. e5 a3 72. Kg3 a2 73. Kg2 Rg6+ 74. Kf2 Rg1 0-1

[Event "Budapest FS07 Nadassy"]
[Site "Budapest"]
[Date "2019.07.08"]
[Round "3"]
[White "Mayer, Istvan"]
[Black "Ananya, Rishi Gupta"]
[Result "1-0"]
[WhiteElo "1930"]
[BlackElo "1951"]
[PlyCount "101"]
[EventDate "2019.07.06"]
[EventType "team-tourn"]
[EventRounds "10"]
[EventCountry "HUN"]
[SourceTitle "EXT 2020"]
[Source "ChessBase"]
[SourceDate "2019.10.17"]
[SourceVersion "1"]
[SourceVersionDate "2019.10.17"]
[SourceQuality "1"]
[WhiteTeam "Higher Row"]
[BlackTeam "Lower Row"]
[WhiteTeamCountry "HUN"]
[BlackTeamCountry "HUN"]

1. e4 e5 2. Bc4 Nc6 3. c3 Nf6 4. Qe2 Bc5 5. b4 Bb6 6. a4 a5 7. b5 Ne7 8. d3 d6 9. Be3 c6 10. Bb3 cxb5 11. axb5 Bd7 12. Na3 Qc7 13. Rc1 0-0 14. c4 Ng6 15. g3 Bxe3 16. fxe3 Rfc8 17. Nc2 Bxb5 18. Nf3 Bd7 19. 0-0 Bh3 20. Rfe1 Qe7 21. Ng5 Bg4 22. Qf1 h6 23. Nh3 Nf8 24. Nf2 Bd7 25. Ra1 Ne6 26. Na3 Nc5 27. Bc2 Ne6 28. Reb1 Bc6 29. Qe1 Qc7 30. Bd1 b6 31. Ra2 Nc5 32. Nb5 Bxb5 33. Rxb5 Na6 34. Rb1 Nb4 35. Rd2 Rd8 36. Ba4 Qe7 37. Qe2 Ne8 38. Rdb2 Nc7 39. d4 Rdc8 40. Nd3 Nca6 41. Nf2 Qb7 42. Bb3 Rab8 43. Qh5 Qe7 44. Rf1 Rf8 45. c5 exd4 46. Ng4 Nxc5 47. Nxh6+ gxh6 48. Qg6+ Kh8 49. Qxh6+ Kg8 50. Rf4 Ne6 51. Rg4+ 1-0

[Event "Basel op"]
[Site "Basel"]
[Date "2019.01.06"]
[Round "7"]
[White "Rahimi, Rahim"]
[Black "Ananya, Rishi Gupta"]
[Result "1-0"]
[WhiteElo "2060"]
[BlackElo "1976"]
[PlyCount "65"]
[EventDate "2019.01.02"]
[EventType "swiss"]
[EventRounds "7"]
[EventCountry "SUI"]
[SourceTitle "CBM 188 Extra"]
[Source "ChessBase"]
[SourceDate "2019.02.26"]
[SourceVersion "1"]
[SourceVersionDate "2019.02.26"]
[SourceQuality "1"]

1. Nf3 d5 2. d4 Nf6 3. h3 h6 4. Bf4 c6 5. c3 Bf5 6. Nbd2 e6 7. e3 Bd6 8. Bxd6 Qxd6 9. a4 Nbd7 10. b4 0-0 11. Qb3 Rfe8 12. c4 dxc4 13. Bxc4 Rf8 14. 0-0 e5 15. dxe5 Nxe5 16. Nxe5 Qxe5 17. Nf3 Qe7 18. Nd4 Be4 19. f3 Bd5 20. e4 Bxc4 21. Qxc4 Rfe8 22. a5 Rac8 23. Nf5 Qc7 24. Rfd1 Red8 25. Qc5 Rxd1+ 26. Rxd1 Ra8 27. e5 Nd7 28. Qe7 Rd8 29. e6 Rf8 30. Rxd7 Qc8 31. exf7+ Kh8 32. Qe5 Qxd7 33. Qxg7# 1-0

[Event "Pula op 32nd"]
[Site "Pula"]
[Date "2018.06.25"]
[Round "4"]
[White "Ananya, Rishi Gupta"]
[Black "Karsay, Pascal"]
[Result "0-1"]
[WhiteElo "1968"]
[BlackElo "2227"]
[PlyCount "44"]
[EventDate "2018.06.23"]
[EventType "swiss"]
[EventRounds "9"]
[EventCountry "CRO"]
[SourceTitle "EXT 2019"]
[Source "ChessBase"]
[SourceDate "2018.10.10"]
[SourceVersion "1"]
[SourceVersionDate "2018.10.10"]
[SourceQuality "1"]

1. e4 e5 2. Nf3 Nc6 3. Bc4 Nf6 4. Ng5 d5 5. exd5 Na5 6. Bb5+ c6 7. dxc6 bxc6 8. Be2 h6 9. Nf3 e4 10. Ne5 Bc5 11. Ng4 Nxg4 12. Bxg4 Qh4 13. Qe2 Qxg4 14. f3 Qg6 15. Nc3 0-0 16. Nxe4 Bb6 17. d3 f5 18. Bd2 fxe4 19. dxe4 Qf6 20. b3 Qe5 21. c3 Be6 22. 0-0-0 Nxb3+ 0-1

[Event "Basel op"]
[Site "Basel"]
[Date "2018.01.07"]
[Round "9"]
[White "Faraone, Ettore"]
[Black "Ananya, Rishi Gupta"]
[Result "1/2-1/2"]
[WhiteElo "2079"]
[BlackElo "1945"]
[PlyCount "46"]
[EventDate "2018.01.02"]
[EventType "swiss"]
[EventRounds "9"]
[EventCountry "SUI"]
[SourceTitle "CBM 182 Extra"]
[Source "ChessBase"]
[SourceDate "2018.02.23"]
[SourceVersion "1"]
[SourceVersionDate "2018.02.23"]
[SourceQuality "1"]

1. e4 e5 2. Nf3 Nc6 3. d4 exd4 4. Bc4 Nf6 5. 0-0 Bc5 6. e5 d5 7. exf6 dxc4 8. Re1+ Be6 9. Ng5 Qd5 10. Nc3 Qf5 11. Nce4 0-0-0 12. Nxc5 Qxc5 13. Rxe6 fxe6 14. Nxe6 Qf5 15. Nxd8 Rxd8 16. fxg7 Qg6 17. h3 Qxg7 18. Qg4+ Qxg4 19. hxg4 Ne5 20. g5 d3 21. f4 Nf7 22. cxd3 cxd3 23. Bd2 Nd6 1/2-1/2

[Event "IND-ch U13 Girls 31st"]
[Site "Jalandhar"]
[Date "2017.06.25"]
[Round "7"]
[White "Divya, Deshmukh"]
[Black "Ananya, Rishi Gupta"]
[Result "1-0"]
[WhiteElo "1989"]
[BlackElo "1986"]
[PlyCount "93"]
[EventDate "2017.06.21"]
[EventType "swiss"]
[EventRounds "11"]
[EventCountry "IND"]
[SourceTitle "CBM 179 Extra"]
[Source "ChessBase"]
[SourceDate "2017.08.23"]
[SourceVersion "1"]
[SourceVersionDate "2017.08.23"]
[SourceQuality "1"]

1. e4 e5 2. Nf3 Nc6 3. Bc4 Nf6 4. Ng5 d5 5. exd5 Na5 6. Bb5+ c6 7. dxc6 bxc6 8. Qf3 Bb7 9. Bd3 h6 10. Ne4 Nd5 11. Ng3 Qc7 12. 0-0 Bc8 13. Re1 Bd6 14. Nc3 Nxc3 15. dxc3 Nb7 16. Nh5 f6 17. Bg6+ Kd8 18. Be4 c5 19. Rd1 Qe7 20. Qd3 Kc7 21. Qa6 Rd8 22. Be3 Kb8 23. Ng3 Bc7 24. Nf5 Qf8 25. Rxd8 Bxd8 26. Rd1 Bb6 27. Qd3 Bxf5 28. Bxf5 a6 29. b4 Ka7 30. bxc5 Bxc5 31. Rb1 Bxe3 32. fxe3 Rd8 33. Qc4 Rd6 34. Qc7 Qb8 35. Rxb7+ Qxb7 36. Qxd6 Qb1+ 37. Kf2 Qb7 38. Qc5+ Ka8 39. Be6 Kb8 40. Qb4 Qxb4 41. cxb4 Kc7 42. c4 Kc6 43. c5 a5 44. a3 axb4 45. axb4 Kb5 46. Bd7+ Ka6 47. b5+ 1-0

[Event "IND-ch U13 Girls 31st"]
[Site "Jalandhar"]
[Date "2017.06.24"]
[Round "6"]
[White "Ananya, Rishi Gupta"]
[Black "Bhagyashree, Patil"]
[Result "1/2-1/2"]
[WhiteElo "1986"]
[BlackElo "1742"]
[PlyCount "55"]
[EventDate "2017.06.21"]
[EventType "swiss"]
[EventRounds "11"]
[EventCountry "IND"]
[SourceTitle "CBM 179 Extra"]
[Source "ChessBase"]
[SourceDate "2017.08.23"]
[SourceVersion "1"]
[SourceVersionDate "2017.08.23"]
[SourceQuality "1"]

1. e4 c5 2. c3 d5 3. exd5 Qxd5 4. d4 Nf6 5. Nf3 Bg4 6. Be2 e6 7. 0-0 Nc6 8. Be3 cxd4 9. cxd4 Be7 10. Nc3 Qd6 11. Qb3 0-0 12. Rfd1 Qb4 13. d5 Qxb3 14. axb3 exd5 15. Nxd5 Nxd5 16. Rxd5 a6 17. Bc5 Rfe8 18. Bxe7 Rxe7 19. Rd2 Rae8 20. Kf1 Ne5 21. Nxe5 Bxe2+ 22. Rxe2 Rxe5 23. Rxe5 Rxe5 24. Rc1 g5 25. Rc3 Kg7 26. f3 Kf6 27. Kf2 h5 28. Rd3 1/2-1/2

[Event "Sarajevo Bosna op 47th"]
[Site "Sarajevo"]
[Date "2017.05.16"]
[Round "5"]
[White "Ananya, Rishi Gupta"]
[Black "Sitnic, Adnan"]
[Result "0-1"]
[WhiteElo "1955"]
[BlackElo "2235"]
[PlyCount "46"]
[EventDate "2017.05.13"]
[EventType "swiss"]
[EventRounds "9"]
[EventCountry "BIH"]
[SourceTitle "CBM 178 Extra"]
[Source "ChessBase"]
[SourceDate "2017.06.22"]
[SourceVersion "1"]
[SourceVersionDate "2017.06.22"]
[SourceQuality "1"]

1. e4 Nc6 2. d4 e5 3. d5 Nce7 4. Nf3 Ng6 5. a3 Nf6 6. Nc3 Bc5 7. h3 c6 8. Be2 cxd5 9. exd5 h6 10. Bd3 d6 11. Bxg6 fxg6 12. Qe2 0-0 13. Qc4 a6 14. 0-0 b5 15. Qd3 Bf5 16. Qd1 g5 17. Re1 g4 18. Nh4 g3 19. Be3 gxf2+ 20. Bxf2 Bxf2+ 21. Kxf2 Ne4+ 22. Nxe4 Qxh4+ 23. Ng3 Bg4+ 0-1

[Event "Marianske Lazne op 16th"]
[Site "Marianske Lazne"]
[Date "2017.01.25"]
[Round "6"]
[White "Ananya, Rishi Gupta"]
[Black "Pozimski, Szymon"]
[Result "1-0"]
[WhiteElo "1655"]
[BlackElo "2029"]
[PlyCount "145"]
[EventDate "2017.01.21"]
[EventType "swiss"]
[EventRounds "9"]
[EventCountry "CZE"]
[SourceTitle "CBM 176 Extra"]
[Source "ChessBase"]
[SourceDate "2017.03.02"]
[SourceVersion "1"]
[SourceVersionDate "2017.03.02"]
[SourceQuality "1"]

1. e4 d5 2. exd5 Qxd5 3. Nc3 Qd6 4. d4 Nf6 5. Nf3 c6 6. h3 Bf5 7. Bc4 e6 8. a3 Be7 9. Bg5 0-0 10. 0-0 Nbd7 11. Qe2 b5 12. Bb3 Rfe8 13. Bh4 Qc7 14. Bg3 Qb6 15. Rad1 h6 16. Bf4 a5 17. Nb1 a4 18. Ba2 b4 19. axb4 Qxb4 20. c3 Qb7 21. Bh2 Ra6 22. Nbd2 Rea8 23. Nh4 Qxb2 24. Nxf5 exf5 25. Bc4 R6a7 26. Qxe7 Nb6 27. Qb4 a3 28. Qxb2 axb2 29. Rb1 Ne4 30. Nxe4 Nxc4 31. Nd6 Nd2 32. Rxb2 Nxf1 33. Kxf1 Ra1+ 34. Ke2 Rh1 35. Bg3 Ra3 36. Kd2 Ra6 37. Rb7 Rg1 38. Nxf5 Rxg2 39. Rb1 Ra2+ 40. Ke3 Rc2 41. Kf3 Rxg3+ 42. Kxg3 Rxc3+ 43. Kg2 Kh7 44. Rb6 Rc4 45. Kf1 g6 46. Nd6 Rxd4 47. Nxf7 Rc4 48. Ne5 Rc3 49. Kg2 Rc5 50. Nxc6 Rg5+ 51. Kf1 Rh5 52. Ne7 Rxh3 53. Rxg6 Rh1+ 54. Ke2 Rh5 55. f4 Rh2+ 56. Kf3 Rh3+ 57. Ke4 Rh1 58. Kf5 Re1 59. Ng8 Kh8 60. Nxh6 Kh7 61. Nf7 Re7 62. Kf6 Re6+ 63. Kxe6 Kxg6 64. f5+ Kg7 65. Ke7 Kg8 66. f6 Kh7 67. Nd6 Kg6 68. f7 Kg7 69. f8Q+ Kh7 70. Qf5+ Kg7 71. Qg5+ Kh7 72. Qh5+ Kg8 73. Qg6+ 1-0

[Event "Wch U12 Girls"]
[Site "Batumi"]
[Date "2016.10.28"]
[Round "9"]
[White "Ananya, Rishi Gupta"]
[Black "Mihailova, Alina"]
[Result "0-1"]
[WhiteElo "1788"]
[BlackElo "1628"]
[PlyCount "68"]
[EventDate "2016.10.19"]
[EventType "swiss"]
[EventRounds "11"]
[EventCountry "GEO"]
[SourceTitle "EXT 2018"]
[Source "ChessBase"]
[SourceDate "2017.10.13"]
[SourceVersion "1"]
[SourceVersionDate "2017.10.13"]
[SourceQuality "1"]

1. e4 d5 2. exd5 Nf6 3. d4 Bg4 4. f3 Bf5 5. Bb5+ Nbd7 6. c4 e6 7. dxe6 Bxe6 8. c5 c6 9. Ba4 Be7 10. Ne2 0-0 11. Nbc3 Nd5 12. 0-0 Nxc3 13. Nxc3 Bc4 14. Ne2 Bf6 15. Re1 Re8 16. Kf2 Qe7 17. Bf4 Bxe2 18. Qd2 Bxd4+ 19. Qxd4 Nxc5 20. Bd6 Nd3+ 21. Kg1 Qg5 22. h4 Qh6 23. Rxe2 Rxe2 24. Qxd3 Rd2 25. Qb3 Qxd6 26. Qc3 Qd4+ 27. Qxd4 Rxd4 28. Bb3 Re8 29. Kf1 Rd2 30. Rd1 Ree2 31. g3 Rf2+ 32. Kg1 Rxd1+ 33. Kxf2 Rd2+ 34. Ke3 Rxb2 0-1

[Event "Wch U12 Girls"]
[Site "Batumi"]
[Date "2016.10.24"]
[Round "6"]
[White "Desai, Nilomi"]
[Black "Ananya, Rishi Gupta"]
[Result "0-1"]
[WhiteElo "1524"]
[BlackElo "1788"]
[PlyCount "114"]
[EventDate "2016.10.19"]
[EventType "swiss"]
[EventRounds "11"]
[EventCountry "GEO"]
[SourceTitle "EXT 2018"]
[Source "ChessBase"]
[SourceDate "2017.10.13"]
[SourceVersion "1"]
[SourceVersionDate "2017.10.13"]
[SourceQuality "1"]

1. d4 d5 2. Nf3 Nf6 3. c4 c6 4. e3 Bf5 5. Nc3 e6 6. Nh4 Bg4 7. Qb3 Qb6 8. g3 Nbd7 9. h3 Bh5 10. Bd2 Be7 11. Ng2 Bg6 12. Rc1 Bb4 13. c5 Qa5 14. a3 Bxc3 15. Bxc3 Qc7 16. Nf4 Be4 17. Bg2 Bxg2 18. Nxg2 Ne4 19. Nf4 e5 20. Ne2 Ng5 21. Qc2 Nf3+ 22. Kf1 e4 23. Kg2 Nf6 24. b4 0-0 25. a4 h6 26. Rb1 Rab8 27. Rb3 Qd7 28. Qd1 Qf5 29. Ng1 Nxg1 30. Rxg1 Nh7 31. Rh1 Ng5 32. Qe2 Rfe8 33. b5 Rec8 34. Rb2 Qd7 35. b6 a6 36. a5 Re8 37. Rbb1 Qf5 38. Rb2 Re6 39. Ra2 Rbe8 40. Rb2 Rf8 41. Rc2 Rg6 42. Bb2 Nf3 43. Bc1 Qg5 44. Bd2 h5 45. Be1 h4 46. Rb2 hxg3 47. fxg3 Nh4+ 48. Kh2 Nf5 49. Rb3 Nxg3 50. Qf2 Qf5 51. Rg1 Qxf2+ 52. Bxf2 Nf5 53. Rbb1 Rxg1 54. Rxg1 Re8 55. Rg4 Re6 56. Kg2 Kh7 57. Rf4 Rg6+ 0-1

[Event "Wch U12 Girls"]
[Site "Batumi"]
[Date "2016.10.23"]
[Round "5"]
[White "Ananya, Rishi Gupta"]
[Black "Sim, Jia Ru"]
[Result "1-0"]
[WhiteElo "1788"]
[BlackElo "1501"]
[PlyCount "65"]
[EventDate "2016.10.19"]
[EventType "swiss"]
[EventRounds "11"]
[EventCountry "GEO"]
[SourceTitle "EXT 2018"]
[Source "ChessBase"]
[SourceDate "2017.10.13"]
[SourceVersion "1"]
[SourceVersionDate "2017.10.13"]
[SourceQuality "1"]

1. e4 c5 2. c3 d5 3. exd5 Qxd5 4. d4 g6 5. Nf3 Bg7 6. dxc5 Qxc5 7. Be3 Qc7 8. Bd3 Nf6 9. h3 0-0 10. 0-0 a6 11. Qe2 Nc6 12. Nbd2 b5 13. Nb3 Nd5 14. Bd2 Ne5 15. Nxe5 Bxe5 16. Be4 Bb7 17. Na5 Rad8 18. Nxb7 Qxb7 19. Bxg6 fxg6 20. Qxe5 Rf5 21. Qe2 Kg7 22. Rad1 Rdf8 23. Be3 Nxe3 24. Qxe3 Qc7 25. Qd4+ Qe5 26. Qxe5+ Rxe5 27. Rfe1 Rxe1+ 28. Rxe1 Kf6 29. Kf1 Rd8 30. Ke2 g5 31. Rd1 Rxd1 32. Kxd1 Ke5 33. Kc2 1-0

[Event "Mumbai Wealth op U13"]
[Site "Mumbai"]
[Date "2016.02.01"]
[Round "5"]
[White "Om, Kharola"]
[Black "Ananya, Rishi Gupta"]
[Result "1-0"]
[WhiteElo "1803"]
[BlackElo "1467"]
[PlyCount "119"]
[EventDate "2016.01.28"]
[EventType "swiss"]
[EventRounds "9"]
[EventCountry "IND"]
[SourceTitle "CBM 170 Extra"]
[Source "ChessBase"]
[SourceDate "2016.02.25"]
[SourceVersion "1"]
[SourceVersionDate "2016.02.25"]
[SourceQuality "1"]

1. e4 e5 2. Nf3 Nc6 3. Bb5 a6 4. Ba4 Nf6 5. d3 b5 6. Bb3 Bc5 7. c3 0-0 8. Nbd2 d5 9. Bc2 Bb6 10. h3 Be6 11. 0-0 h6 12. Re1 Re8 13. Nf1 dxe4 14. dxe4 Qxd1 15. Bxd1 Rad8 16. Ng3 Bc4 17. Bc2 Be6 18. Be3 Bxe3 19. Rxe3 Bc8 20. Ree1 Bb7 21. a4 b4 22. Nf5 bxc3 23. bxc3 Nd7 24. Ne3 Ne7 25. c4 Nc5 26. Nd5 Nxd5 27. exd5 f6 28. Bg6 Rf8 29. Red1 Rd6 30. a5 Rfd8 31. Nh4 Bc8 32. Bf5 Bd7 33. Bxd7 R6xd7 34. Nf5 Kf7 35. Rab1 h5 36. g4 hxg4 37. hxg4 g6 38. Ne3 Ke7 39. Kg2 Rh8 40. Rh1 Rdd8 41. Nc2 Kd6 42. Nb4 Rde8 43. Nc6 f5 44. g5 Ne4 45. Rh6 Rhg8 46. Rh7 Nxg5 47. c5+ Kxc5 48. Rxc7 Kxd5 49. Ne7+ Kd6 50. Ra7 Rb8 51. Rd1+ Kc5 52. Nxg8 Rxg8 53. Rxa6 Ne4 54. Rc1+ Kb5 55. Rb6+ Kxa5 56. Rb2 Nc3 57. Rxc3 Ka4 58. Rc6 Ka5 59. Rc1 Ka4 60. Ra1# 1-0

[Event "Golden Sands op-B"]
[Site "Golden Sands"]
[Date "2015.06.11"]
[Round "4"]
[White "Ananya, Rishi Gupta"]
[Black "Keadana, Amir"]
[Result "1-0"]
[WhiteElo "1492"]
[BlackElo "1774"]
[PlyCount "69"]
[EventDate "2015.06.08"]
[EventType "swiss"]
[EventRounds "9"]
[EventCountry "BUL"]
[SourceTitle "CBM 167 Extra"]
[Source "ChessBase"]
[SourceDate "2015.09.14"]
[SourceVersion "1"]
[SourceVersionDate "2015.09.14"]
[SourceQuality "1"]

1. e4 e6 2. d4 d5 3. Nd2 dxe4 4. Nxe4 Bd7 5. Nf3 Bc6 6. Bd3 Nd7 7. Be3 Ngf6 8. Bg5 Be7 9. Nxf6+ Nxf6 10. c3 h6 11. Bd2 g5 12. h3 Ne4 13. Be3 Qd5 14. Qe2 a5 15. Ne5 Nc5 16. Nf3 0-0-0 17. Bc4 Qe4 18. dxc5 f5 19. Bd4 Rhf8 20. Bxe6+ Kb8 21. Qxe4 Bxe4 22. 0-0-0 h5 23. Bg7 g4 24. Bxf8 Rxf8 25. hxg4 fxg4 26. Nd2 Bg6 27. f3 Bg5 28. fxg4 Rf2 29. gxh5 Be4 30. h6 Bh7 31. g4 a4 32. Bf5 a3 33. Bxh7 Rf3 34. Bg8 Bf6 35. Nxf3 1-0

[Event "Graz op-B"]
[Site "Graz"]
[Date "2015.02.19"]
[Round "8"]
[White "Cespedes, Sandra"]
[Black "Ananya, Rishi Gupta"]
[Result "1/2-1/2"]
[WhiteElo "1856"]
[BlackElo "1357"]
[PlyCount "94"]
[EventDate "2015.02.13"]
[EventType "swiss"]
[EventRounds "9"]
[EventCountry "AUT"]
[SourceTitle "CBM 165 Extra"]
[Source "ChessBase"]
[SourceDate "2015.04.21"]
[SourceVersion "1"]
[SourceVersionDate "2015.04.21"]
[SourceQuality "1"]

1. e4 e5 2. Nf3 Nc6 3. Bc4 Bc5 4. Nc3 Nf6 5. d3 d6 6. h3 h6 7. a3 Be6 8. Nd5 Bxd5 9. exd5 Ne7 10. Bb5+ Nd7 11. b4 Bb6 12. c4 a6 13. Ba4 0-0 14. 0-0 Nf5 15. Bb2 Nf6 16. Kh2 Nh7 17. g4 Nh4 18. Bc1 f5 19. Kg3 Nxf3 20. Qxf3 f4+ 21. Kh2 Qh4 22. Ra2 Ng5 23. Qg2 Rf6 24. Rc2 Bd4 25. Bb2 Bxb2 26. Rxb2 h5 27. Bd7 hxg4 28. Qxg4 Rh6 29. Qxh4 Rxh4 30. Bg4 Kf7 31. Kg2 Rah8 32. Rh1 Ke7 33. b5 b6 34. a4 a5 35. Rd2 Re8 36. f3 Kf6 37. Re2 Re7 38. Rd1 Rh8 39. Rh1 Rh4 40. Rhe1 Rh8 41. Rh1 Rh4 42. Rf1 Nf7 43. d4 exd4 44. Rxe7 Kxe7 45. Rd1 Ne5 46. Rxd4 g5 47. Re4 Kf6 1/2-1/2

[Event "Wch U10 Girls"]
[Site "Durban"]
[Date "2014.09.25"]
[Round "7"]
[White "Ananya, Rishi Gupta"]
[Black "Anghel, Maria"]
[Result "1/2-1/2"]
[WhiteElo "1395"]
[BlackElo "1622"]
[PlyCount "108"]
[EventDate "2014.09.20"]
[EventType "swiss"]
[EventRounds "11"]
[EventCountry "RSA"]
[SourceTitle "CBM 162 Extra"]
[Source "ChessBase"]
[SourceDate "2014.10.17"]
[SourceVersion "1"]
[SourceVersionDate "2014.10.17"]
[SourceQuality "1"]

1. e4 c5 2. c3 d5 3. exd5 Qxd5 4. d4 Nc6 5. Nf3 Bf5 6. Bd3 Bxd3 7. Qxd3 e6 8. 0-0 Nf6 9. Bf4 Be7 10. Rd1 Rd8 11. Na3 0-0 12. Qe2 Qe4 13. Qxe4 Nxe4 14. Nc4 cxd4 15. cxd4 Nf6 16. Nce5 Nxe5 17. dxe5 Rxd1+ 18. Rxd1 Nd5 19. Bg5 Bxg5 20. Nxg5 h6 21. Nf3 Rc8 22. g3 Rc2 23. Rd2 Rc1+ 24. Kg2 Kf8 25. Nd4 Ke7 26. Rc2 Rxc2 27. Nxc2 Kd7 28. Kf3 Kc6 29. Ke4 Kc5 30. f4 Nb4 31. Nxb4 Kxb4 32. g4 a5 33. Kd4 b6 34. h4 g6 35. Kd3 a4 36. Kd4 Kb5 37. a3 Kc6 38. Kc4 b5+ 39. Kb4 Kb6 40. h5 gxh5 41. gxh5 Kc6 42. Kc3 Kc5 43. b3 axb3 44. Kxb3 Kb6 45. Kb4 Ka6 46. a4 bxa4 47. Kxa4 Kb6 48. Kb4 Kc6 49. Kc4 Kd7 50. Kb5 Ke7 51. Kb6 Kd8 52. Kc6 Kc8 53. Kd6 Kd8 54. Kc5 Kc7 1/2-1/2